Les coéquipiers de Marco Reus à Dortmund - Statistiques

Statistiques générales
  • Ce quiz a été pris 37 fois
  • Le résultat moyen est 46 sur 114
Statistiques - réponses
Saisons Nationalité Joueur Nombre de matchs Poste % Correct
2012-2016, 2019-2024 Allemagne Mats Hummels 278 D
97%
2012-2014 Pologne Robert Lewandowski 87 A
97%
2016-2023 Portugal Raphaël Guerreiro 143 D
88%
2020-2024 Allemagne Emre Can 116 M
85%
2020-2022 Norvège Erling Haaland 68 A
85%
2021-2024 Suisse Gregor Kobel 96 G
85%
2013-2017 Gabon Pierre-Emerick Aubameyang 122 A
85%
2017-2021, 2023-2024 Angleterre Jadon Sancho 109 A
82%
2023-2024 Autriche Marcel Sabitzer 25 M
79%
2018-2022 Belgique Axel Witsel 108 M/D
76%
2013-2016 Arménie Henrikh Mkhitaryan 103 M
76%
2012-2016 Allemagne İlkay Gündoğan 91 M
76%
2020-2023 Angleterre Jude Bellingham 106 M
76%
2012-2021 Pologne Lukasz Piszczek 205 D
76%
2013-2018 Grèce Sokratis Papastathopoulos 114 D
76%
2012-2013, 2017-2020 Allemagne Mario Götze 81 M
74%
2022-2024 Allemagne Niklas Süle 46 D
74%
2015-2019 Etats-Unis Christian Pulisic 54 A
71%
2021-2024 Pays-Bas Donyell Malen 82 A
71%
2022-2024 Norvège Julian Ryerson 45 D
71%
2017-2022 Suisse Manuel Akanji 134 D
71%
2015-2022 Suisse Roman Bürki 142 G
71%
2020-2024 Belgique Thomas Meunier 67 D
71%
2019-2023 Belgique Thorgan Hazard 77 A
71%
2018-2020 Maroc Achraf Hakimi 48 D
68%
2019-2024 Allemagne Julian Brandt 142 M
68%
2022-2024 Allemagne Nico Schlotterbeck 63 D
68%
2012-2018 Allemagne Roman Weidenfeller 123 G
68%
2014-2019 Japon Shinji Kagawa 67 M
68%
2023-2024 Pays-Bas Ian Maatsen 17 D
65%
2022-2024 Allemagne Karim Adeyemi 30 A
65%
2022-2024 Côte d'Ivoire Sébastien Haller 27 A
62%
2012-2015 Pologne Jakub Blaszczykowski 71 A
59%
2012-2020 Allemagne Marcel Schmelzer 159 D
59%
2013-2018 Turquie Nuri Şahin 80 M
59%
2016-2017 France Ousmane Dembélé 22 A
59%
2023-2024 Algérie Ramy Bensebaini 17 D
59%
2018-2021 Danemark Thomas Delaney 71 M
59%
2021-2024 Angleterre Jamie Bynoe-Gittens 44 A
56%
2023-2024 Allemagne Niclas Füllkrug 36 A
56%
2019-2024 Etats-Unis Giovanni Reyna 72 M
53%
2018-2020 Espagne Paco Alcácer 33 A
53%
2014-2015 Italie Ciro Immobile 12 A
50%
2017-2022 France Dan-Axel Zagadou 58 D
50%
2022-2024 Turquie Salih Özcan 44 M
50%
2016-2017 Turquie Emre Mor 2 A
47%
2012-2017 Allemagne Sven Bender 92 M
47%
2018-2019 Sénégal Abdou Diallo 29 D
44%
2012-2016 Serbie Neven Subotic 90 D
44%
2020-2024 Allemagne Youssoufa Moukoko 62 A
44%
2023-2024 Allemagne Felix Nmecha 21 M
41%
2018-2019, 2021-2024 Allemagne Marius Wolf 89 M/D
41%
2018-2022 Suisse Marwin Hitz 42 G
41%
2012-2013 Brésil Felipe Santana 27 D
35%
2022-2023 France Anthony Modeste 15 A
32%
2014-2017 Colombie Adrián Ramos 24 A
29%
2017-2018 Ukraine Andriy Yarmolenko 2 A
29%
2015-2020 Allemagne Julian Weigl 103 M
29%
2022-2024 Belgique Julien Duranville 2 A
29%
2019-2020 Argentine Leonardo Balerdi 1 D
29%
2017-2023 Allemagne Mahmoud Dahoud 87 M
29%
2014-2017 Allemagne Matthias Ginter 53 D
29%
2019-2022 Allemagne Nico Schulz 45 D
29%
2017-2019 Turquie Ömer Toprak 24 D
29%
2017-2018 Suède Alexander Isak 2 A
26%
2016-2018 Allemagne André Schürrle 20 A
26%
2012-2013 Croatie Ivan Perisic 16 A
26%
2015-2016 Corée du Sud Ju-ho Park 7 D
26%
2012-2015 Allemagne Kevin Großkreutz 87 D
26%
2016-2017 Espagne Marc Bartra 13 D
26%
2020-2024 Espagne Mateu Morey 24 D
26%
2020-2022 Brésil Reinier 22 M
26%
2021-2024 Allemagne Antonios Papadopoulos 5 D
24%
2018-2020 Danemark Jacob Bruun Larsen 27 A
24%
2021-2022 Croatie Marin Pongracic 17 D
24%
2017-2018 Belgique Michy Batshuayi 11 A
24%
2016-2017 Allemagne Sebastian Rode 5 M
24%
2022-2023 France Soumaïla Coulibaly 1 D
24%
2022-2024 Allemagne Alexander Meyer 13 G
21%
2015-2018 Allemagne Gonzalo Castro 50 M
21%
2014-2015 Slovénie Kevin Kampl 12 M
21%
2012-2015 Australie Mitchell Langerak 18 G
21%
2012-2015 Allemagne Sebastian Kehl 66 M
21%
2015-2016 Belgique Adnan Januzaj 4 A
18%
2020-2022 Allemagne Ansgar Knauff 12 A
18%
2023-2024 Allemagne Kjell Wätjen 2 M
18%
2017-2019 Allemagne Maximilian Philipp 22 A
18%
2013-2017 Allemagne Erik Durm 70 D
15%
2016-2017, 2020-2023 Allemagne Felix Passlack 28 D
15%
2017-2018 Allemagne Jeremy Toljan 5 D
12%
2013-2014, 2015-2016 Allemagne Jonas Hofmann 32 M
12%
2021-2022 Allemagne Lion Semic 1 D
12%
2021-2022 Croatie Marco Pasalic 1 A
12%
2013-2014 Gambie Marian Sarr 3 D
12%
2016-2017 Espagne Mikel Merino 1 M
12%
2020-2022 Allemagne Steffen Tigges 15 A
12%
2018-2019 Allemagne Eric Oelschlägel 1 G
9%
2021-2022 Etats-Unis Lennard Maloney 1 M
9%
2012-2013 Allemagne Leonardo Bittencourt 2 M
9%
2013-2014 Serbie Milos Jojic 14 M
9%
2012-2013, 2015-2016 Allemagne Moritz Leitner 30 M
9%
2023-2024 Allemagne Ole Pohlmann 1 M
9%
2021-2023 Allemagne Tom Rothe 3 D
9%
2014-2015 Tunisie Jeremy Dudziak 1 M
6%
2012-2014 Allemagne Julian Schieber 30 A
6%
2022-2023 Allemagne Justin Njinmah 1 A
6%
2013-2014 Allemagne Koray Günter 1 D
6%
2012-2015 Allemagne Oliver Kirch 21 M
6%
2015-2016 Allemagne Pascal Stenzel 1 D
6%
2012-2013 Hongrie Bálint Bajner 1 A
3%
2016-2017 Bosnie-Herzégovine Dzenis Burnic 1 M
3%
2023-2024 Allemagne Hendry Blank 1 D
3%
2013-2014 Allemagne Manuel Friedrich 10 D
3%
2013-2014 Allemagne Marvin Ducksch 6 A
3%
Aucun quiz correspondant
Distribution des résultats
% des personnes avec chaque résultat
Percentile par nombre de réponses
Votre historique - résultats
Vous n’avez pas pris ce quiz